| 000 | 00711cam a22002532a 4500 | ||
|---|---|---|---|
| 999 |
_c34972 _d34972 |
||
| 001 | 021018 | ||
| 003 | AR-FADEU | ||
| 005 | 20220413154016.0 | ||
| 008 | 311216n1996####xxu####################dd | ||
| 020 | _a950-557-219-0 | ||
| 040 | _cBiblioteca Ernesto Sábato | ||
| 092 |
_a327.09 _bF385 _eJLS |
||
| 100 | _aFerrer, Aldo | ||
| 245 | _aHistoria de la globalización : orígenes del orden económico mundial | ||
| 260 | _aBuenos Aires | ||
| 260 | _bFondo de Cultura Económica | ||
| 260 | _c1996 | ||
| 300 | _a2 v | ||
| 440 | _aSección de obras de economía | ||
| 500 | _aTomo 1 Inv. 18345 -- Tomo 2 Inv. 18344 | ||
| 650 | _aGLOBALIZACION-HISTORIA/JLS/ | ||
| 650 | _vJLS | ||
| 942 |
_cJLS _2ddc |
||